000 00380nam a22001697a 4500
005 20160528092643.0
008 160528b xxu||||| |||| 00| 0 eng d
020 _a81-7992-151-4
041 _aeng
082 _b5580
100 _aVedamani Gibson G.
_91410
245 _aRetail Management
260 _bJaico Books
300 _a278
650 _aManagement
_9241
942 _cBK
999 _c1996
_d1995